Music Quiz

Random Music or The Beatles Quiz
Score 0/20 Timer 06:00
0 Plays Today
Letter Sample Song % Correct
HHey Jude
94.4%
YYesterday
93.3%
LLet It Be
90.3%
II Me Mine
83.8%
SSomething
81%
PPenny Lane
77.9%
EEleanor Rigby
77.6%
BBlackbird
76.7%
AAnd I Love Her
72.2%
DDay Tripper
71.7%
Letter Sample Song % Correct
GGet Back
67.7%
MMichelle
67.6%
CCome Together
67.2%
WWhile My Guitar Gently Weeps
67.2%
OOb-La-Di, Ob-La-Da
64.6%
RRevolution
64.1%
NNowhere Man
62.4%
TTicket to Ride
59.9%
FFixing a Hole
51.4%
JJulia
36.5%

You're not logged in!

Compare scores with friends on all Sporcle quizzes.
OR
Log In

Sporcle TV

Today on Sporcle TV


Watch our educational content, quiz creation guides, and fun videos on Sporcle TV.

Show Comments

Extras

Top Quizzes Today


Score Distribution

Paid Content

Your Account Isn't Verified!

In order to create a playlist on Sporcle, you need to verify the email address you used during registration. Go to your Sporcle Settings to finish the process.

Report this User

Report this user for behavior that violates our Community Guidelines.

Details: